Los 10 ríos más largos del mundo - Estadísticas

Estadísticas generales
  • Esta prueba ha sido intentada 54 veces
  • La puntuación promedio es 5 de 10
Estadísticas de respuestas
Km de río Continente Río % Correcto
7.062 América del Sur Amazonas
100%
6.853 África Nilo
98%
6.275 América del Norte Misisipi
74%
6.300 Asia Yangtsé
48%
4.880 Asia Mekong
39%
5.410 Asia Obi
28%
4.444 Asia Amur
24%
5.464 Asia Río Amarillo
17%
5.539 Asia Yeniséi
17%
4.700 África Río Congo
13%
No se encontraron pruebas coincidentes
Distribución de puntuación
Porcentaje de gente con cada puntuación
Porcentaje por número respondido
Historial de tus puntuaciones
No has intentado esta prueba.